|
|
|
|
| LEADER |
00898nam a2200241 a 4500 |
| 001 |
32778461 |
| 008 |
090718s1995 nyu 000 1 eng d |
| 010 |
|
|
|a 95024359
|
| 020 |
|
|
|a 0099332310
|
| 040 |
|
|
|a DLC
|c DLC
|d CPL
|d CSP
|d OrLoB-B
|
| 082 |
0 |
0 |
|a 853/.914
|2 20
|
| 100 |
1 |
|
|a Calvino, Italo.
|
| 240 |
1 |
0 |
|a Prima che tu dica "Pronto".
|l English.
|
| 245 |
1 |
0 |
|a Numbers in the dark :
|b and other stories /
|c Italo Calvino ; translated from the Italian by Tim Parks.
|
| 250 |
|
|
|a 1st published in Britain.
|
| 260 |
|
|
|a London :
|b Vintage,
|c c1995.
|
| 300 |
|
|
|a 276 p. ;
|c 24 cm.
|
| 541 |
1 |
|
|e 00013919
|
| 655 |
|
7 |
|a Short stories.
|2 lcsh.
|
| 700 |
1 |
|
|a Parks, Tim.
|
| 852 |
4 |
|
|a Ayesha Abed Library
|j General Shelf.
|
| 999 |
|
|
|c 2752
|d 2752
|
| 952 |
|
|
|0 0
|1 0
|2 ddc
|4 0
|6 853_914000000000000_CAL
|7 0
|9 2528
|a BRACUL
|b BRACUL
|c GEN
|d 2009-07-23
|g 1075.00
|l 9
|m 47
|o 853.914 CAL
|p 3010013919
|r 2026-03-07
|s 2025-09-17
|t 1
|w 2009-07-23
|y BK
|